000 00477nam a22001812 4500
001 0000003162
005 20151217151917.0
008 070430s xx 000 0 eng d
040 _aKABU
_cKABU
050 0 _aPS3552
_b.A77W56
100 1 _aBarrett, William E.
_@0000152853
245 1 4 _aThe Wine and the music.
260 _aNew York :
_bDoubleday,
_c1968.
300 _a381 p.
908 _a070430
950 _@1
999 _c6261
_d6261